000 00526nam a2200181Ia 4500
003 GCL
008 140319s9999 xx 000 0 ara d
040 _aGCL /
_cGCL
082 0 4 _a322
_bم م
100 1 _aمحمد نصر مهنا
245 1 0 _aمدخل الى الامن القومى العربى فى عالم متغير /
_cمحمد نصر مهنا
300 _a162 ص
490 _a100 قصة
_v0
650 0 4 _aالامن القومى
650 0 4 _aالانقلابات
650 0 4 _aالشرطة
942 _2ddc
_cBK
999 _c43936
_d43936